000 00511nam a2200181Ia 4500
001 9526
005 20260306161725.0
008 260306t2007||||xx |||||||||||||| ||spa||
041 _aESP
082 _a379.985
_bV81 T. 4
100 _aForo Educativo
_eAUT
245 0 _aVoces de las regiones:
_banálisis y comentarios sobre estadísticas educativas en las regiones de Arequipa, Cuzco y Piura
260 _c2007
300 _apágs. :
_c27 cm.
650 _aGEN
654 _aCED
942 _cLIB
_dJUS
_fJUS
_2ddc
_n
999 _c9526
_d9526